02468nam a2200229Ia 450000500170000000800410001704000440005804100080010208200120011010000180012224202810014024502880042126001160070930000490082550004910087450507090136550600210207454600230209565000270211865000660214570000270221120190123143040.0130821s1880 fr a fr 1 fresd aCo-BoUCMbspacSandra YazodSandra Yazo1 afre04a5432201 aFleischer, E.00aTratado de análisis químico por el método volumétrico.bPara uso de químicos, farmacéuticos, fabricantes de insumos químicos, metalúrgicos, agrónomos, etc.cpor el doctor E. Fleischer ; Traducido de la segunda edición alemana por el Doctor L. Gautier.yspa10aTraité d'analyse chimique par la méthode volumétrique.bA l'usage des chemistes, des pharmaciens, des fabricants de produits chimiques, des métallurgistes, des agronomes, etc.cpar Le Dr E. Fleischer ; Traduit de l'allemand sur la deuxième édition par le Dr. L. Gautier.  aParís (Francia)bLibrairie F. Savy [Librería F. Savy] ; Typographie A. Lahure [Imprenta de A. Lahure]c1880 a424, 8 páginasbilustracionesc22 x 13 cm. aDetalles físicos: Encuadernación rígida (holandesa) en cartón duro forrado en papel, lomo de cuero con adornos en dorado. Tapas y lomo con raspaduras. Guardas. Anteportada. Portada impresa en una sola tinta, con marca de propiedad (Liborio Zerda). Texto en una sola columna con varios tipos y tamaños de letra. Márgenes amplios. Notas al pie de página. Grabados, tablas y gráficos entre el texto. Anotaciones manuscrita pág. 117, corrigiendo fórmulas. Papel manchado0 aParte 1 – 3: Procedimientos volumétricos en general ; Instrumentos para el análisis volumétrico ; Análisis por saturación: alcalimetría, acidimetría ; Análisis por oxidación y reducción ; Análisis por precipitación -- Métodos de separación para el análisis volumétrico ; Separación de las combinaciones de bases ; Dosificación de bases sin separación de grupos ; Separación y dosificación de los ácidos más importantes -- Análisis cuantitativo ; Sustancias que revisten importancia desde el punto de vista industrial ; Aplicación del método volumétrico a la dosificación de algunas sustancias orgánicas y en el análisis de aguas ; Apéndices aConsulta en sala aTexto en francés 7aQuímica analítica  7aQuímicaxAnálisis volumétricovTratados, manuales, etc.1 aGautier, L.etraductor